000 00795aas a2200217 4500
999 _c2716
_d2716
003 BR-BrBNA
005 20230317233552.0
007 ta
008 230119b bl ||||| |||| 00| 0 por d
035 _a000485-5
040 _aBR-BrBNA
_bPor
_cBR-BrBNA
042 _aN
044 _abl
245 _aDiretrizes Técnicas - Empresa de Assistência Técnica e Extensão Rural do Estado de Mato Grosso (Brazil)
260 _aCuiabá-MT
_bEmpresa de Assistência Técnica e Extensão Rural do Estado de Mato Grosso
_c1980. Data final de publicação em 1995
_eBMT
270 _aCaixa Postal 225 - 78000-000
310 _airregular
505 _a1980 (1,2); 1982 (set); 1983 (1); 1984 (1,4); 1985 (1,2,2); 1986 (1); 1987 (5); 1988 (2,3); 1989 (5); 1990 (3);
909 _a56
_bSergio Santos
_c56
_dSergio Santos
942 _cCR
_2AGRIS